000 00713nam a2200289Ia 4500
005 20260324140400.0
008 008 260324s9999 xx 000 0 eng d
020 _a9780429447037
037 _aEBOOK
040 _aCRL
040 _beng
040 _cCRL
041 _2eng
041 _aeng
084 _qCRL
100 _aCatherine Street
_91204178
245 0 _aProviding Residential Services for Children and Young People
245 2 _bA Multidisciplinary Perspective
260 _bTaylor and Francis
260 _c1999
365 _a
365 _b160
856 _uhttp://www.taylorfrancis.com/books/9780429447037
942 _cEBOOK
999 _c1806203
_d1806203